000 01235cam a2200397 4500
002 1407
008 090401t1995 xxu||||| |||| 00| 0 eng d
020 _a0854067078
035 _a(Sirsi) u62564
041 _aeng
050 _a658.1552
090 _aRICS 1995/103ABCD
100 _aAtkin, Brian
245 _aImproving value for money in construction: guidance for chartered surveyors and their clients.
260 _aLondon
_bRICS
_c1995
300 _a37p. ; 30cm.
350 _a25
520 _aFinal report of a research project undertaken by the University of Reading for the Royal Institution of Chartered Surveyors.
650 _aBUILT ENVIRONMENT-BUILDING COSTS
650 _aCONSTRUCTION INDUSTRY
650 _aCOST REDUCTION
650 _aCOST SAVINGS
650 _aIMPROVING VALUE FOR MONEY IN CONSTRUCTION
650 _aLATHAM REFORMS
650 _aPERFORMANCE
650 _aREDUCTION
650 _aVALUE FOR MONEY
690 _aBUILT ENVIRONMENT-BUILDING COSTS
700 _aFlanagan, Roger
700 _aMarsh, L.
700 _aAgapiou, A.
710 _aRoyal Institution of Chartered Surveyors
_94900
710 _aUniversity of Reading
_93273
942 _n0
948 _c04/03/1997
999 _c94442
_d94442